Biggest Cities in Washington State at Statehood - Statistics

General Stats
  • This quiz has been taken 128 times
  • The average score is 10 of 26
Answers on the Map
Answers color-coded by a green-red scale on the quiz's map according to % correct below.
 
Answer Stats
Population City % Correct
42,837 Seattle
100%
19,922 Spokane Falls
93%
4,698 Olympia
91%
36,006 Tacoma
87%
3,545 Vancouver
83%
1,535 North Yakima
72%
4,709 Walla Walla
72%
4,059 Whatcom
64%
1,638 Aberdeen
38%
4,558 Port Townsend
33%
1,309 Chehalis
32%
1,131 Anacortes
29%
2,026 Centralia
28%
2,768 Ellensburg
28%
1,563 Blaine
24%
1,732 Puyallup
24%
1,993 Snohomish
24%
1,173 Ballard
18%
1,302 Hoquiam
18%
1,632 Montesano
15%
1,649 Colfax
13%
4,076 Fairhaven
13%
1,880 Dayton
11%
1,119 Palouse
11%
1,484 Roslyn
10%
1,689 Sprague
9%
No matching quizzes found
Score Distribution
Percent of People with Each Score
Percentile by Number Answered
Your Score History
You have not taken this quiz